00493nam a2200205Ia 4500008004100000020001800041245002800059245003900087250001900126260001500145260001700160260000900177300001400186300002500200300001000225440001900235440000600254500000800260999001900268170705s9999 xx 000 0 und d a9781442443808 aI love you, ZooBorns! / cAndrew Bleiman and Chris Eastland. aFirst edition. aNew York : bScholastic,  c2012 aunpaged : bcolor illustration ; c23cm. aRead-to-read ; v1 a480 c336946d336946